[Event "Hoogeveen Open"]
[Site "Hoogeveen, Netherlands"]
[Date "2018.10.27"]
[Round "9.22"]
[White "Van Kooten, Luuk"]
[Black "Biermann, Lenhard"]
[Result "0-1"]
[WhiteElo "2320"]
[BlackElo "2153"]

1. e4 {[%clk 01:30:41]} {[%emt 00:00:18]} e6 {[%clk 01:30:57]} {[%emt
00:00:05]} 2. d4 {[%clk 01:30:35]} {[%emt 00:00:36]} d5 {[%clk 01:31:23]}
{[%emt 00:00:04]} 3. e5 {[%clk 01:30:41]} {[%emt 00:00:23]} c5 {[%clk
01:31:48]} {[%emt 00:00:06]} 4. c3 {[%clk 01:30:58]} {[%emt 00:00:13]} Nc6
{[%clk 01:32:10]} {[%emt 00:00:08]} 5. Nf3 {[%clk 01:31:20]} {[%emt 00:00:07]}
Nh6 {[%clk 01:32:18]} {[%emt 00:00:23]} 6. a3 {[%clk 01:30:57]} {[%emt
00:00:53]} f6 {[%clk 01:31:21]} {[%emt 00:01:27]} 7. exf6 {[%clk 01:23:29]}
{[%emt 00:07:57]} Qxf6 {[%clk 01:31:20]} {[%emt 00:00:31]} 8. Bg5 {[%clk
01:20:24]} {[%emt 00:03:35]} Qf7 {[%clk 01:31:25]} {[%emt 00:00:25]} 9. b4
{[%clk 01:17:24]} {[%emt 00:03:31]} cxd4 {[%clk 01:30:19]} {[%emt 00:01:36]} 10.
cxd4 {[%clk 01:16:48]} {[%emt 00:01:06]} Bd6 {[%clk 01:29:33]} {[%emt
00:01:15]} 11. b5 {[%clk 01:10:52]} {[%emt 00:06:26]} Ne7 {[%clk 01:29:17]}
{[%emt 00:00:47]} 12. Bd3 {[%clk 01:08:54]} {[%emt 00:02:28]} O-O {[%clk
01:27:53]} {[%emt 00:01:54]} 13. Nbd2 {[%clk 00:59:44]} {[%emt 00:09:39]} Ng6
{[%clk 01:23:38]} {[%emt 00:04:46]} 14. O-O {[%clk 00:56:27]} {[%emt 00:03:47]}
Nf5 {[%clk 01:19:45]} {[%emt 00:04:23]} 15. Qe2 {[%clk 00:51:56]} {[%emt
00:05:01]} h6 {[%clk 01:16:48]} {[%emt 00:03:27]} 16. Be3 {[%clk 00:52:15]}
{[%emt 00:00:10]} Bd7 {[%clk 01:15:29]} {[%emt 00:01:49]} 17. Nb3 {[%clk
00:47:38]} {[%emt 00:05:07]} Rae8 {[%clk 01:12:15]} {[%emt 00:03:45]} 18. Rac1
{[%clk 00:43:40]} {[%emt 00:04:28]} b6 {[%clk 01:09:23]} {[%emt 00:03:22]} 19.
Bd2 {[%clk 00:39:35]} {[%emt 00:04:35]} e5 {[%clk 00:44:03]} {[%emt 00:25:50]}
20. dxe5 {[%clk 00:38:03]} {[%emt 00:02:01]} Bxe5 {[%clk 00:43:49]} {[%emt
00:00:44]} 21. Nxe5 {[%clk 00:31:13]} {[%emt 00:07:21]} Nxe5 {[%clk 00:44:10]}
{[%emt 00:00:09]} 22. Bb4 {[%clk 00:29:08]} {[%emt 00:02:35]} Nh4 {[%clk
00:41:06]} {[%emt 00:03:33]} 23. Nd4 {[%clk 00:17:42]} {[%emt 00:11:57]} Nef3+
{[%clk 00:31:20]} {[%emt 00:10:16]} 24. Nxf3 {[%clk 00:17:33]} {[%emt
00:00:38]} Rxe2 {[%clk 00:31:45]} {[%emt 00:00:05]} 25. Bxe2 {[%clk 00:18:00]}
{[%emt 00:00:04]} Re8 {[%clk 00:31:12]} {[%emt 00:01:02]} 26. Rfe1 {[%clk
00:17:12]} {[%emt 00:01:19]} Rxe2 {[%clk 00:24:12]} {[%emt 00:07:30]} 27. Rxe2
{[%clk 00:17:16]} {[%emt 00:00:26]} Nxf3+ {[%clk 00:24:35]} {[%emt 00:00:07]}
28. gxf3 {[%clk 00:17:41]} {[%emt 00:00:05]} Bh3 {[%clk 00:24:46]} {[%emt
00:00:19]} 29. Rc6 {[%clk 00:15:33]} {[%emt 00:02:38]} Qxf3 {[%clk 00:24:08]}
{[%emt 00:01:44]} 0-1

[Event "Hoogeveen Open"]
[Site "Hoogeveen, Netherlands"]
[Date "2018.10.27"]
[Round "9.23"]
[White "Biermann, Florian"]
[Black "Den Hartog, Marijn"]
[Result "1/2-1/2"]
[WhiteElo "2024"]
[BlackElo "2296"]

1. c4 {[%clk 01:30:57]} e5 {[%clk 01:30:45]} {[%emt 00:00:15]} 2. g3 {[%clk
01:31:21]} {[%emt 00:00:06]} Nf6 {[%clk 01:30:36]} {[%emt 00:00:39]} 3. Bg2
{[%clk 01:31:44]} {[%emt 00:00:06]} d6 {[%clk 01:30:13]} {[%emt 00:00:53]} 4.
Nc3 {[%clk 01:32:03]} {[%emt 00:00:10]} g6 {[%clk 01:30:32]} {[%emt 00:00:12]}
5. d3 {[%clk 01:31:10]} {[%emt 00:01:24]} Bg7 {[%clk 01:30:56]} {[%emt
00:00:06]} 6. e4 {[%clk 01:31:30]} {[%emt 00:00:09]} O-O {[%clk 01:31:03]}
{[%emt 00:00:23]} 7. Nge2 {[%clk 01:31:30]} {[%emt 00:00:30]} c6 {[%clk
01:31:10]} {[%emt 00:00:23]} 8. O-O {[%clk 01:30:24]} {[%emt 00:01:36]} a6
{[%clk 01:29:47]} {[%emt 00:01:53]} 9. h3 {[%clk 01:30:00]} {[%emt 00:00:53]}
b5 {[%clk 01:29:19]} {[%emt 00:00:59]} 10. Be3 {[%clk 01:29:20]} {[%emt
00:01:10]} Nbd7 {[%clk 01:18:49]} {[%emt 00:11:00]} 11. Qd2 {[%clk 01:24:46]}
{[%emt 00:05:04]} Bb7 {[%clk 01:15:58]} {[%emt 00:03:22]} 12. Rfc1 {[%clk
01:13:40]} {[%emt 00:11:35]} Re8 {[%clk 01:08:41]} {[%emt 00:07:47]} 13. b4
{[%clk 01:03:28]} {[%emt 00:10:43]} Qe7 {[%clk 00:55:41]} {[%emt 00:13:29]} 14.
a4 {[%clk 00:57:59]} {[%emt 00:05:59]} bxa4 {[%clk 00:48:48]} {[%emt 00:07:23]}
15. Rxa4 {[%clk 00:54:09]} {[%emt 00:04:21]} c5 {[%clk 00:48:49]} {[%emt
00:00:29]} 16. Rb1 {[%clk 00:51:55]} {[%emt 00:02:44]} Reb8 {[%clk 00:42:27]}
{[%emt 00:06:51]} 17. bxc5 {[%clk 00:28:33]} {[%emt 00:23:52]} Nxc5 {[%clk
00:41:11]} {[%emt 00:01:45]} 18. Bxc5 {[%clk 00:28:10]} {[%emt 00:00:53]} dxc5
{[%clk 00:41:39]} {[%emt 00:00:03]} 19. Qa2 {[%clk 00:27:33]} {[%emt 00:01:06]}
Bc8 {[%clk 00:30:55]} {[%emt 00:11:14]} 20. Nd5 {[%clk 00:25:48]} {[%emt
00:02:16]} Qd6 {[%clk 00:30:56]} {[%emt 00:00:29]} 21. Ra3 {[%clk 00:22:38]}
{[%emt 00:03:40]} Rxb1+ {[%clk 00:24:34]} {[%emt 00:06:51]} 22. Qxb1 {[%clk
00:22:51]} {[%emt 00:00:18]} Rb8 {[%clk 00:24:42]} {[%emt 00:00:22]} 23. Rb3
{[%clk 00:23:02]} {[%emt 00:00:19]} Rxb3 {[%clk 00:25:10]} {[%emt 00:00:02]} 24.
Qxb3 {[%clk 00:23:09]} {[%emt 00:00:23]} Nd7 {[%clk 00:23:02]} {[%emt
00:02:39]} 25. Nec3 {[%clk 00:21:46]} {[%emt 00:01:52]} Bf8 {[%clk 00:19:33]}
{[%emt 00:03:59]} 26. h4 {[%clk 00:19:25]} {[%emt 00:02:51]} Nb8 {[%clk
00:14:40]} {[%emt 00:05:23]} 27. Bf3 {[%clk 00:10:16]} {[%emt 00:09:40]} Nc6
{[%clk 00:14:28]} {[%emt 00:00:42]} 28. Qd1 {[%clk 00:10:15]} {[%emt 00:00:30]}
h5 {[%clk 00:12:21]} {[%emt 00:02:37]} 29. g4 {[%clk 00:09:05]} {[%emt
00:01:40]} hxg4 {[%clk 00:12:32]} {[%emt 00:00:19]} 30. Bxg4 {[%clk 00:09:28]}
{[%emt 00:00:08]} f5 {[%clk 00:12:29]} {[%emt 00:00:33]} 31. Bh3 {[%clk
00:09:41]} {[%emt 00:00:16]} Qd8 {[%clk 00:09:29]} {[%emt 00:03:30]} 32. h5
{[%clk 00:08:43]} {[%emt 00:01:28]} Qg5+ {[%clk 00:06:54]} {[%emt 00:03:05]} 33.
Kh2 {[%clk 00:06:21]} {[%emt 00:02:52]} Nd4 {[%clk 00:01:14]} {[%emt 00:06:10]}
34. hxg6 {[%clk 00:05:02]} {[%emt 00:01:50]} fxe4 {[%clk 00:01:14]} {[%emt
00:00:29]} 35. Nxe4 {[%clk 00:04:39]} {[%emt 00:00:53]} Qh4 {[%clk 00:01:24]}
{[%emt 00:00:20]} 36. Ndf6+ {[%clk 00:04:28]} {[%emt 00:00:41]} Kg7 {[%clk
00:01:07]} {[%emt 00:00:47]} 37. Qh5 {[%clk 00:04:25]} {[%emt 00:00:33]} Qxh3+
{[%clk 00:01:19]} {[%emt 00:00:18]} 38. Qxh3 {[%clk 00:04:40]} {[%emt
00:00:16]} Bxh3 {[%clk 00:01:47]} {[%emt 00:00:01]} 39. Kxh3 {[%clk 00:04:59]}
{[%emt 00:00:11]} Kxg6 {[%clk 00:02:10]} {[%emt 00:00:06]} 40. Nd7 {[%clk
00:05:03]} {[%emt 00:00:27]} Be7 {[%clk 00:01:45]} {[%emt 00:00:54]} 41. Ndxc5
{[%clk 00:03:21]} {[%emt 00:02:13]} a5 {[%clk 00:02:14]} {[%emt 00:00:01]} 42.
Kg4 {[%clk 00:29:07]} {[%emt 00:04:43]} Nc6 {[%clk 00:28:31]} {[%emt 00:04:13]}
43. f4 {[%clk 00:26:08]} {[%emt 00:03:30]} exf4 {[%clk 00:28:58]} {[%emt
00:00:03]} 44. Kxf4 {[%clk 00:26:00]} {[%emt 00:00:38]} Bf8 {[%clk 00:29:21]}
{[%emt 00:00:07]} 45. Na4 {[%clk 00:24:03]} {[%emt 00:02:27]} Bh6+ {[%clk
00:29:16]} {[%emt 00:00:35]} 46. Kf3 {[%clk 00:22:35]} {[%emt 00:01:59]} Kf5
{[%clk 00:28:37]} {[%emt 00:01:08]} 47. Nd6+ {[%clk 00:21:17]} {[%emt
00:01:48]} Ke6 {[%clk 00:29:05]} {[%emt 00:00:02]} 48. Nb5 {[%clk 00:19:52]}
{[%emt 00:01:55]} Ke5 {[%clk 00:28:19]} {[%emt 00:01:17]} 49. Ke2 {[%clk
00:16:07]} {[%emt 00:04:14]} Bg5 {[%clk 00:25:02]} {[%emt 00:03:48]} 50. Kd1
{[%clk 00:14:27]} {[%emt 00:02:09]} Be3 {[%clk 00:22:41]} {[%emt 00:02:50]} 51.
Kc2 {[%clk 00:13:10]} {[%emt 00:01:47]} Nb4+ {[%clk 00:22:00]} {[%emt
00:01:13]} 52. Kc3 {[%clk 00:13:11]} {[%emt 00:00:28]} Na2+ {[%clk 00:22:28]}
{[%emt 00:00:02]} 53. Kb3 {[%clk 00:12:59]} {[%emt 00:00:41]} Nb4 {[%clk
00:22:54]} {[%emt 00:00:05]} 54. Nb2 {[%clk 00:12:25]} {[%emt 00:01:04]} Bf2
{[%clk 00:19:35]} {[%emt 00:03:49]} 55. Ka4 {[%clk 00:11:28]} {[%emt 00:01:27]}
Bb6 {[%clk 00:19:50]} {[%emt 00:00:15]} 56. d4+ {[%clk 00:07:25]} {[%emt
00:04:33]} Bxd4 {[%clk 00:20:07]} {[%emt 00:00:12]} 57. Nxd4 {[%clk 00:07:42]}
{[%emt 00:00:13]} Kxd4 {[%clk 00:20:20]} {[%emt 00:00:18]} 58. Kxa5 {[%clk
00:08:05]} {[%emt 00:00:08]} Nd3 {[%clk 00:19:41]} {[%emt 00:01:08]} 59. Nxd3
{[%clk 00:07:46]} {[%emt 00:00:49]} Kxc4 {[%clk 00:19:38]} {[%emt 00:00:03]}
1/2-1/2

[Event "Hoogeveen Open"]
[Site "Hoogeveen, Netherlands"]
[Date "2018.10.27"]
[Round "9.24"]
[White "Maters, Arthur"]
[Black "Kokje, Joris"]
[Result "0-1"]
[WhiteElo "1933"]
[BlackElo "2232"]

1. e4 {[%clk 01:30:59]} c5 {[%clk 01:30:51]} {[%emt 00:00:09]} 2. Nf3 {[%clk
01:31:25]} {[%emt 00:00:05]} d6 {[%clk 01:30:39]} {[%emt 00:00:41]} 3. d4
{[%clk 01:31:51]} {[%emt 00:00:05]} cxd4 {[%clk 01:30:59]} {[%emt 00:00:09]} 4.
Nxd4 {[%clk 01:32:18]} {[%emt 00:00:04]} Nf6 {[%clk 01:31:20]} {[%emt
00:00:07]} 5. Nc3 {[%clk 01:32:43]} {[%emt 00:00:05]} a6 {[%clk 01:31:46]}
{[%emt 00:00:04]} 6. Be2 {[%clk 01:33:09]} {[%emt 00:00:04]} e5 {[%clk
01:31:56]} {[%emt 00:00:20]} 7. Nf3 {[%clk 01:33:32]} {[%emt 00:00:07]} h6
{[%clk 01:29:54]} {[%emt 00:02:32]} 8. Nd2 {[%clk 01:33:32]} {[%emt 00:00:31]}
Be6 {[%clk 01:25:48]} {[%emt 00:04:35]} 9. Nc4 {[%clk 01:26:50]} {[%emt
00:07:13]} Nc6 {[%clk 01:16:52]} {[%emt 00:09:25]} 10. Be3 {[%clk 01:20:08]}
{[%emt 00:07:12]} b5 {[%clk 01:13:12]} {[%emt 00:04:10]} 11. Nb6 {[%clk
01:17:01]} {[%emt 00:03:38]} Rb8 {[%clk 01:09:56]} {[%emt 00:03:46]} 12. Nbd5
{[%clk 01:17:14]} {[%emt 00:00:17]} g6 {[%clk 01:01:33]} {[%emt 00:08:52]} 13.
Nxf6+ {[%clk 01:12:13]} {[%emt 00:05:32]} Qxf6 {[%clk 01:01:56]} {[%emt
00:00:06]} 14. Nd5 {[%clk 01:12:34]} {[%emt 00:00:10]} Qd8 {[%clk 00:59:34]}
{[%emt 00:02:52]} 15. O-O {[%clk 01:12:33]} {[%emt 00:00:31]} Bg7 {[%clk
00:58:24]} {[%emt 00:01:39]} 16. a4 {[%clk 01:10:01]} {[%emt 00:03:03]} O-O
{[%clk 00:55:56]} {[%emt 00:02:57]} 17. c3 {[%clk 00:56:17]} {[%emt 00:14:15]}
Ne7 {[%clk 00:46:33]} {[%emt 00:09:52]} 18. axb5 {[%clk 00:47:21]} {[%emt
00:09:27]} Bxd5 {[%clk 00:45:47]} {[%emt 00:01:16]} 19. exd5 {[%clk 00:47:37]}
{[%emt 00:00:13]} axb5 {[%clk 00:46:12]} {[%emt 00:00:05]} 20. Qd2 {[%clk
00:42:59]} {[%emt 00:05:09]} Kh7 {[%clk 00:35:01]} {[%emt 00:11:41]} 21. Bd3
{[%clk 00:41:16]} {[%emt 00:02:12]} f5 {[%clk 00:33:29]} {[%emt 00:02:02]} 22.
f3 {[%clk 00:41:26]} {[%emt 00:00:20]} Nxd5 {[%clk 00:31:33]} {[%emt 00:02:27]}
23. Ba7 {[%clk 00:38:27]} {[%emt 00:03:29]} Rb7 {[%clk 00:31:36]} {[%emt
00:00:27]} 24. Bxb5 {[%clk 00:36:27]} {[%emt 00:02:30]} Nb6 {[%clk 00:24:50]}
{[%emt 00:07:15]} 25. Bc6 {[%clk 00:27:50]} {[%emt 00:09:07]} Nc4 {[%clk
00:24:49]} {[%emt 00:00:31]} 26. Qe2 {[%clk 00:27:30]} {[%emt 00:00:50]} Rxa7
{[%clk 00:25:04]} {[%emt 00:00:15]} 27. Qxc4 {[%clk 00:27:26]} {[%emt
00:00:34]} Qb6+ {[%clk 00:25:05]} {[%emt 00:00:29]} 28. Kh1 {[%clk 00:27:55]}
{[%emt 00:00:02]} Rxa1 {[%clk 00:20:15]} {[%emt 00:05:19]} 29. Rxa1 {[%clk
00:28:19]} {[%emt 00:00:06]} Qxb2 {[%clk 00:17:53]} {[%emt 00:02:52]} 30. Rd1
{[%clk 00:23:11]} {[%emt 00:05:38]} Qc2 {[%clk 00:15:52]} {[%emt 00:02:31]} 31.
Qd3 {[%clk 00:22:06]} {[%emt 00:01:35]} Qxd3 {[%clk 00:15:16]} {[%emt
00:01:06]} 32. Rxd3 {[%clk 00:22:25]} {[%emt 00:00:12]} e4 {[%clk 00:10:50]}
{[%emt 00:04:56]} 33. Rxd6 {[%clk 00:14:39]} {[%emt 00:08:16]} e3 {[%clk
00:11:02]} {[%emt 00:00:16]} 34. Re6 {[%clk 00:14:13]} {[%emt 00:00:57]} f4
{[%clk 00:05:21]} {[%emt 00:06:11]} 35. Be4 {[%clk 00:12:14]} {[%emt 00:02:29]}
Rd8 {[%clk 00:03:36]} {[%emt 00:02:15]} 36. Bxg6+ {[%clk 00:11:52]} {[%emt
00:00:52]} Kg8 {[%clk 00:03:35]} {[%emt 00:00:30]} 37. g3 {[%clk 00:12:05]}
{[%emt 00:00:18]} Bxc3 {[%clk 00:02:10]} {[%emt 00:01:55]} 38. gxf4 {[%clk
00:10:38]} {[%emt 00:01:57]} Rd1+ {[%clk 00:02:29]} {[%emt 00:00:11]} 39. Kg2
{[%clk 00:11:01]} {[%emt 00:00:07]} Rd2+ {[%clk 00:02:44]} {[%emt 00:00:15]} 40.
Kf1 {[%clk 00:11:22]} {[%emt 00:00:09]} Rf2+ {[%clk 00:02:57]} {[%emt
00:00:17]} 41. Kg1 {[%clk 00:11:42]} {[%emt 00:00:11]} Bd4 {[%clk 00:02:28]}
{[%emt 00:00:58]} 42. Bd3 {[%clk 00:05:03]} {[%emt 00:07:09]} e2 {[%clk
00:02:24]} {[%emt 00:00:34]} 43. Bc4 {[%clk 00:05:32]} {[%emt 00:00:01]} Kf8
{[%clk 00:30:18]} {[%emt 00:02:35]} 44. Rf6+ {[%clk 00:35:56]} {[%emt
00:00:07]} Ke7 {[%clk 00:30:03]} {[%emt 00:00:44]} 45. Rf7+ {[%clk 00:34:38]}
{[%emt 00:01:49]} Ke8 {[%clk 00:29:47]} {[%emt 00:00:45]} 46. Bxe2 {[%clk
00:34:56]} {[%emt 00:00:12]} Rxe2+ {[%clk 00:30:12]} {[%emt 00:00:06]} 47. Kf1
{[%clk 00:35:20]} {[%emt 00:00:06]} Rf2+ {[%clk 00:30:38]} {[%emt 00:00:04]}
0-1

[Event "Hoogeveen Open"]
[Site "Hoogeveen, Netherlands"]
[Date "2018.10.27"]
[Round "9.25"]
[White "Klaren, Duncan"]
[Black "Wedda, Dries"]
[Result "0-1"]
[WhiteElo "1950"]
[BlackElo "2216"]

1. e4 {[%clk 01:30:58]} {[%emt 00:00:03]} c5 {[%clk 01:30:57]} {[%emt
00:00:03]} 2. Nf3 {[%clk 01:31:25]} {[%emt 00:00:03]} d6 {[%clk 01:31:22]}
{[%emt 00:00:04]} 3. d4 {[%clk 01:31:51]} {[%emt 00:00:03]} cxd4 {[%clk
01:31:50]} {[%emt 00:00:03]} 4. Nxd4 {[%clk 01:32:17]} {[%emt 00:00:04]} Nf6
{[%clk 01:32:13]} {[%emt 00:00:06]} 5. Nc3 {[%clk 01:32:32]} {[%emt 00:00:15]}
a6 {[%clk 01:32:41]} {[%emt 00:00:03]} 6. f4 {[%clk 01:32:59]} {[%emt
00:00:03]} e5 {[%clk 01:33:08]} {[%emt 00:00:03]} 7. Nf3 {[%clk 01:33:25]}
{[%emt 00:00:04]} Nbd7 {[%clk 01:33:31]} {[%emt 00:00:06]} 8. a4 {[%clk
01:33:52]} {[%emt 00:00:04]} Be7 {[%clk 01:33:46]} {[%emt 00:00:15]} 9. Bd3
{[%clk 01:32:42]} {[%emt 00:01:39]} O-O {[%clk 01:28:19]} {[%emt 00:05:58]} 10.
O-O {[%clk 01:33:06]} {[%emt 00:00:06]} exf4 {[%clk 01:07:20]} {[%emt
00:22:00]} 11. Bxf4 {[%clk 01:31:57]} {[%emt 00:02:07]} Qc7 {[%clk 01:05:34]}
{[%emt 00:02:17]} 12. Kh1 {[%clk 01:29:38]} {[%emt 00:02:49]} Ne5 {[%clk
01:02:07]} {[%emt 00:03:57]} 13. Bg5 {[%clk 01:25:21]} {[%emt 00:04:47]} Be6
{[%clk 00:58:09]} {[%emt 00:04:29]} 14. Nd4 {[%clk 01:25:23]} {[%emt 00:00:27]}
Nfg4 {[%clk 00:43:02]} {[%emt 00:15:36]} 15. Bxe7 {[%clk 01:21:55]} {[%emt
00:03:59]} Qxe7 {[%clk 00:42:59]} {[%emt 00:00:33]} 16. Qe1 {[%clk 01:17:56]}
{[%emt 00:04:28]} Qg5 {[%clk 00:34:41]} {[%emt 00:08:49]} 17. Qg3 {[%clk
01:16:04]} {[%emt 00:02:21]} Nxd3 {[%clk 00:32:55]} {[%emt 00:02:16]} 18. cxd3
{[%clk 01:15:25]} {[%emt 00:01:10]} Qe5 {[%clk 00:33:18]} {[%emt 00:00:06]} 19.
Qxe5 {[%clk 01:07:11]} {[%emt 00:08:44]} dxe5 {[%clk 00:33:32]} {[%emt
00:00:16]} 20. Nxe6 {[%clk 01:03:35]} {[%emt 00:04:06]} fxe6 {[%clk 00:34:01]}
{[%emt 00:00:01]} 21. Kg1 {[%clk 01:00:23]} {[%emt 00:03:42]} Rad8 {[%clk
00:28:56]} {[%emt 00:05:36]} 22. Rf3 {[%clk 00:57:37]} {[%emt 00:03:15]} Rxf3
{[%clk 00:25:27]} {[%emt 00:03:59]} 23. gxf3 {[%clk 00:58:01]} {[%emt
00:00:06]} Ne3 {[%clk 00:25:01]} {[%emt 00:00:56]} 24. Kf2 {[%clk 00:58:17]}
{[%emt 00:00:14]} Nc2 {[%clk 00:25:11]} {[%emt 00:00:21]} 25. Rd1 {[%clk
00:58:32]} {[%emt 00:00:15]} h6 {[%clk 00:24:16]} {[%emt 00:01:24]} 26. Ne2
{[%clk 00:53:44]} {[%emt 00:05:18]} g5 {[%clk 00:21:06]} {[%emt 00:03:40]} 27.
Rd2 {[%clk 00:50:58]} {[%emt 00:03:17]} Nd4 {[%clk 00:21:32]} {[%emt 00:00:04]}
28. Nxd4 {[%clk 00:49:50]} {[%emt 00:01:38]} Rxd4 {[%clk 00:21:55]} {[%emt
00:00:06]} 29. Ke3 {[%clk 00:49:14]} {[%emt 00:01:07]} Rb4 {[%clk 00:08:06]}
{[%emt 00:14:18]} 30. Rc2 {[%clk 00:48:52]} {[%emt 00:00:52]} Kf7 {[%clk
00:05:02]} {[%emt 00:03:35]} 31. Rc7+ {[%clk 00:48:48]} {[%emt 00:00:33]} Kf6
{[%clk 00:05:12]} {[%emt 00:00:20]} 32. Rh7 {[%clk 00:48:14]} {[%emt 00:01:04]}
Kg6 {[%clk 00:05:34]} {[%emt 00:00:08]} 33. Re7 {[%clk 00:48:39]} {[%emt
00:00:05]} Kf6 {[%clk 00:04:00]} {[%emt 00:02:05]} 34. Rh7 {[%clk 00:49:04]}
{[%emt 00:00:04]} Rxb2 {[%clk 00:04:04]} {[%emt 00:00:26]} 35. Rxh6+ {[%clk
00:49:31]} {[%emt 00:00:03]} Ke7 {[%clk 00:04:21]} {[%emt 00:00:13]} 36. Rg6
{[%clk 00:49:19]} {[%emt 00:00:42]} Rxh2 {[%clk 00:04:20]} {[%emt 00:00:30]} 37.
Rg7+ {[%clk 00:49:46]} {[%emt 00:00:04]} Kf6 {[%clk 00:04:18]} {[%emt
00:00:32]} 38. Rxb7 {[%clk 00:50:01]} {[%emt 00:00:15]} Ra2 {[%clk 00:04:43]}
{[%emt 00:00:05]} 39. Rb4 {[%clk 00:50:14]} {[%emt 00:00:17]} Kf7 {[%clk
00:03:19]} {[%emt 00:01:55]} 40. Rb7+ {[%clk 00:50:25]} {[%emt 00:00:19]} Kf6
{[%clk 00:03:44]} {[%emt 00:00:05]} 41. Rb4 {[%clk 00:50:50]} {[%emt 00:00:05]}
a5 {[%clk 00:25:08]} {[%emt 00:09:05]} 42. Rc4 {[%clk 01:20:58]} {[%emt
00:00:22]} Ke7 {[%clk 00:25:33]} {[%emt 00:00:05]} 43. Rc7+ {[%clk 01:19:25]}
{[%emt 00:02:03]} Kd6 {[%clk 00:24:10]} {[%emt 00:01:52]} 44. Rc4 {[%clk
01:19:41]} {[%emt 00:00:14]} Rb2 {[%clk 00:20:46]} {[%emt 00:03:55]} 45. Rc3
{[%clk 01:15:51]} {[%emt 00:04:20]} Rb4 {[%clk 00:20:23]} {[%emt 00:00:53]} 46.
Ra3 {[%clk 01:15:55]} {[%emt 00:00:25]} Ke7 {[%clk 00:17:33]} {[%emt 00:03:20]}
47. Ra1 {[%clk 01:14:03]} {[%emt 00:02:22]} Kd6 {[%clk 00:16:11]} {[%emt
00:01:52]} 48. Ra3 {[%clk 01:13:55]} {[%emt 00:00:39]} Rb1 {[%clk 00:13:12]}
{[%emt 00:03:29]} 49. Rc3 {[%clk 01:13:58]} {[%emt 00:00:27]} Ra1 {[%clk
00:10:36]} {[%emt 00:03:06]} 50. Rc4 {[%clk 01:14:22]} {[%emt 00:00:05]} Ra2
{[%clk 00:11:03]} {[%emt 00:00:04]} 51. d4 {[%clk 01:07:04]} {[%emt 00:07:48]}
Ra3+ {[%clk 00:11:24]} {[%emt 00:00:08]} 52. Ke2 {[%clk 01:07:31]} {[%emt
00:00:03]} exd4 {[%clk 00:11:32]} {[%emt 00:00:23]} 53. Rxd4+ {[%clk 01:07:18]}
{[%emt 00:00:43]} Ke5 {[%clk 00:08:34]} {[%emt 00:03:27]} 54. Rc4 {[%clk
01:06:49]} {[%emt 00:00:59]} Kf4 {[%clk 00:09:00]} {[%emt 00:00:04]} 55. e5+
{[%clk 01:06:25]} {[%emt 00:00:54]} Kf5 {[%clk 00:08:13]} {[%emt 00:01:17]} 56.
Re4 {[%clk 01:06:32]} {[%emt 00:00:23]} Rc3 {[%clk 00:07:32]} {[%emt 00:01:12]}
57. Rg4 {[%clk 00:59:09]} {[%emt 00:07:52]} Rc5 {[%clk 00:06:29]} {[%emt
00:01:34]} 58. Kd3 {[%clk 00:59:29]} {[%emt 00:00:10]} Rxe5 {[%clk 00:06:39]}
{[%emt 00:00:20]} 59. Rc4 {[%clk 00:59:47]} {[%emt 00:00:12]} Rd5+ {[%clk
00:05:56]} {[%emt 00:01:13]} 60. Ke3 {[%clk 00:59:21]} {[%emt 00:00:56]} e5
{[%clk 00:06:02]} {[%emt 00:00:24]} 61. Rc6 {[%clk 00:59:04]} {[%emt 00:00:47]}
Rd4 {[%clk 00:06:21]} {[%emt 00:00:10]} 62. Rc5 {[%clk 00:58:12]} {[%emt
00:01:23]} Rxa4 {[%clk 00:06:46]} {[%emt 00:00:05]} 63. Rc3 {[%clk 00:58:14]}
{[%emt 00:00:28]} Ra1 {[%clk 00:07:02]} {[%emt 00:00:13]} 64. Rc5 {[%clk
00:57:14]} {[%emt 00:01:30]} a4 {[%clk 00:07:19]} {[%emt 00:00:13]} 65. Ra5
{[%clk 00:57:41]} {[%emt 00:00:04]} Ra3+ {[%clk 00:06:43]} {[%emt 00:01:06]} 66.
Kf2 {[%clk 00:57:34]} {[%emt 00:00:36]} Kf4 {[%clk 00:07:06]} {[%emt 00:00:06]}
67. Kg2 {[%clk 00:58:01]} {[%emt 00:00:03]} Ra2+ {[%clk 00:07:24]} {[%emt
00:00:13]} 0-1